1397 1255 1201 1898 1444 1761 1784 1987 1062 1190 1893 1758 1116 1374 1591 1990 1704 1378 1305 1563 1533 1085 1481 1717 1751 1275 1668 1648 1603 1266 1031 1183 1499 1640 1837 1554 1527 1686 1712 1552 1310 1106 1861 1764 1777 1659 1284 1543 1403 1589 1386 1610 1782 1922 1699 1956 1301 1989 1817 1626 1781 1402 1126 1849 1128 1769 1580 1428 1674 1856 1824 1382 1874 1286 1121 1284 1195 1969 1632 1851 1254 1275 1999 1196 1053 1045 1864 1001 1799 1427 1199 1823 1398 1717 1608 1791 1187 1698 1768 BCNSPRNW ULIB Ver.6.0+V

เปลี่ยนเป็นภาษาไทย

Change to English
 แสดงรายละเอียดบรรณานุกรม
  กลับหน้าหลัก

Brief Record : Get Marc (ISO 2709) : E-mail record : QR code < ปิดหน้าต่าง
LEADER : 00000nam 2200000uu 4500
001    13399112701
003     ULIB
008    110905s2548||||th 000 0 tha d
020    9749314212
041 1  tha^heng
050  4 LB880.F73^bป752ค 2548
100 1  แฟรร์, เปาโล
245 10 ครูในฐานะผู้ทำงานวัฒนธรรม :^bจดหมายถึงผู้ที่กล้าสอน = Teachers as cultural workers /^cเปาโล แฟรร์ เขียน ; สดใส ขันติวรพงศ์ แปล ; กาญจนา แก้วเทพ และ กุลศิริ เจริญศุภกุล บรรณาธิการ
246 30 จดหมายถึงผู้ที่กล้าสอน
246 31 Teachers as cultural workers
250    พิมพ์ครั้งที่ 1
260    กรุงเทพฯ :^bสวนเงินมีมา,^c2548
300    184 หน้า ;^c21 ซม.
440  0 หนังสือชุดการศึกษาองค์รวม
650  4 การศึกษา^xปรัชญา
650  4 การสอน
650  4 การแนะแนวอาชีพ
700 0  สดใส ขันติวรพงศ์,^eผู้แปล
700 0  กาญจนา แก้วเทพ,^eบรรณาธิการ
700 0  กุลศิริ เจริญศุภกุล,^eบรรณาธิการ
945    ^p170^l0^i025163
995    ทศพร
999 ^a ทศพร
รายการนี้ยังไม่มีแท็ก
คุณยังไม่ได้ล็อกอิน คุณสามารถมีกิจกรรมร่วมกับเว็บไซต์ได้ แต่ต้องล็อกอินก่อน ::
  ล็อกอิน

รายการสื่อสารสนเทศ

ลำดับที่ ประเภท เลขเรียก/บาร์โค้ด สถานที่ สถานะ
- ไม่พบข้อมูล -

รายการใกล้เคียง
    หัวเรื่อง [การสอน]
    หัวเรื่อง [การแนะแนวอาชีพ]

BibComment


ยังไม่เคยถูกคอมเมนท์

คอมเมนท์ทรัพยากรรายการนี้
  คอมเมนท์: ครูในฐานะผู้ทำงาน..


 Copyright 2026. Bcnsprnw @Library